| 000 | 00552nam a22001937a 4500 | ||
|---|---|---|---|
| 003 | OSt | ||
| 005 | 20160414154508.0 | ||
| 008 | 160414b xxu||||| |||| 00| 0 eng d | ||
| 020 | _a0198233302 | ||
| 040 | _cDDC. | ||
| 082 | _a339RID 1995. | ||
| 100 |
_aRiddell,C.Roger;[al.....et] _97938 |
||
| 245 | _aNon-Governmental Organisations and rural Poverty Alleviation. | ||
| 260 |
_aoxford. _bClarendon Press. |
||
| 300 |
_axiii,303p; _bill; _c24cm. |
||
| 504 | _aNotes,References,and index. | ||
| 650 |
_aPoverty Alleviation. _97939 |
||
| 942 |
_2ddc _cSLOAN |
||
| 999 |
_c3554 _d3554 |
||